000
00331nam a22001457a 4500
008
210518b ||||| |||| 00| 0 eng d
020
_a
2900073376829
041
_a
eng
080
_2
3rd
_a
33
082
_a
33
100
_a
58
101
_a
BIZ
245
_a
Business Driven Information Systems
_c
Paige Baltzan
942
_2
udc
_c
BK
999
_c
57394
_d
57394